Leeds United UEFA Champions League Players - Statistics

General Stats
  • This quiz has been taken 75 times
    18 since last reset
  • The average score is 16 of 25
Answer Stats
The Whites % Correct
Harry Kewell
88%
Lee Bowyer
88%
Lucas Radebe
88%
Mark Viduka
88%
Nigel Martyn
88%
Alan Smith
81%
Ian Harte
81%
Gary Kelly
75%
Paul Robinson
75%
Rio Ferdinand
75%
Danny Mills
69%
David Batty
69%
Dominic Matteo
69%
Jonathan Woodgate
69%
Olivier Dacourt
69%
Eirik Bakke
63%
Michael Bridges
63%
Jason Wilcox
56%
Darren Huckerby
50%
Danny Hay
44%
Michael Duberry
44%
Stephen McPhail
44%
Alan Maybury
38%
Jacob Burns
31%
Tony Hackworth
31%
No matching quizzes found
Score Distribution
Percent of People with Each Score
Percentile by Number Answered
Your Score History
You have not taken this quiz since the last reset